000 00532nam a2200181Ia 4500
005 20250923144403.0
008 008 250917s9999 xx 000 0 eng d
037 _aTextual
040 _aDSWL
_beng
_cDSWL
041 _aeng
_2eng
084 _aY15:3:7.2.N5, J0
_qDSWL
100 _aNivedita, Sister
_9824369
245 0 _aWeb of Indian life
_cby Sister Nivedita
260 _aNivedita
_bNivedita Ashram
_c1950
300 _a324 p.
942 _cTEXL
_hY15:3:7.2.N5, J0
999 _c1438208
_d1438208